000 00702nam a2200229 i 4500
001 10647
003 ES-MaACL
005 20250416221829.0
007 t|
008 950926s1995 sp ||||1| spa d
020 _a84-08-01459-5
080 _a821.134.2-31"19"
100 1 _aVillena, Luis Antonio de,
_d1951-
_9240059
245 1 3 _aEl burdel de Lord Byron :
_b(una novela lírica) /
_cLuis Antonio de Villena.
250 _a1ª ed.
260 _aBarcelona :
_bPlaneta,
_c1995.
300 _a231 p. ;
_c21 cm.
490 1 _aAutores españoles e hispanoamericanos
830 1 _aAutores españoles e hispanoamericanos
_9177795
852 4 _aES-MaACL
_jL-17977
999 _c10647
_d10647